| 000 | 00607nam a2200217Ia 4500 | ||
|---|---|---|---|
| 005 | 20250508162152.0 | ||
| 008 | 008 250505s9999 xx 000 0 eng d | ||
| 020 | _a07-047553-9 | ||
| 037 | _aTextual | ||
| 040 |
_aFEDL _beng _cFEDL |
||
| 041 |
_aeng _2eng |
||
| 084 |
_a371.26, NUN _qFEDL |
||
| 100 | _aNunnally Jum C | ||
| 245 | 0 | _aEducational measurement and evaluation | |
| 250 | _a2 | ||
| 260 |
_aNew York, USA _bMcGraw-Hill Book Company _c1972 |
||
| 300 | _ax,598p | ||
| 650 | _aEducational - Tests and Measurement | ||
| 942 |
_cTEXL _h371.26, NUN |
||
| 999 |
_c1374787 _d1374787 |
||